000 01429naa a22002777a 4500
001 BR8402127
003 BR-BrBNA
005 20250721154442.0
007 ta
008 250630b bl.|||m| |||| 00| 0 por d
040 _aBR-BrBNA
_bpor
_cBiblioteca Nacional de Agricultura
041 _a(En)
072 _aA50; E30
_b/G514
090 _aA50 BR8402127
100 1 _aAlves, E.R. de A.
245 1 _aBrazil's program for development of agricultural researchers [pesquisa agricola, Empresa Brasileira de Pesquisa Agropecuaria]
246 1 _aBrazil's program for development of agricultural researchers [Brazilian Corporation for Agricultural Research]
246 1 _aBrazilian agriculture and agricultural research
500 _aBrazilian agriculture and agricultural research Yeganiantz, L. (ed.) Brasilia, DF (Brasil): Empresa Brasileira de Pesquisa Agropecuaria. Depto. de Difusao de Tecnologia, 1984. p. 161-173 (BR8402127-AMS)
773 0 _tBrazilian agriculture and agricultural research
_aYeganiantz, L. (ed.). Empresa Brasileira de Pesquisa Agropecuaria, Brasilia, DF. Depto. de Estudos e Pesquisas
_wA50 BR8402127
_gBrasilia, DF (Brasil), 1984. p. 161-173
650 _aPESQUISA AGRICOLA
650 _aINSTITUICAO DE PESQUISA
490 _aDocumentos - Empresa Brasileira de Pesquisa Agropecuaria. Depto. de Estudos e Pesquisas (Brazil)
_vno. 9
942 _cAMS
_2AGRIS
909 _a202506
_bLúcia
_c55
_dLúcia Elande
999 _c334855
_d334855